Detalles MARC
| 000 -LIDER |
| fixed length control field |
00818cam a2200301 i 4500 |
| 001 - NÚMERO DE CONTROL |
| Identificador de número de control |
0000799 |
| 003 - IDENTIFICACDOR DE NÚMERO DE CONTROL |
| control field |
DO-SdBNP |
| 005 - DATE AND TIME OF LATEST TRANSACTION |
| control field |
20180207132012.0 |
| 007 - CAMPOS FIJOS DE DESCRIPCIÓN FÍSICA |
| fixed length control field |
0000799 |
| 008 - ELEMENTOS DE LONGITUD FIJA |
| fixed length control field |
100514s 2000 mx a | |||| 000 f spa |
| 015 ## - NÚMERO DENTRO DE LA BIBLIOGRAFÍA NACIONAL |
| National bibliography number |
|
| 017 ## - NÚMERO DE REGISTRO DE DERECHOS DE AUTOR |
| Copyright or legal deposit number |
|
| Assigning agency |
|
| 020 ## - ISBN |
| International Standard Book Number |
9681909771 |
| 035 ## - NÚMERO LOCAL |
| System control number |
|
| 040 ## - FUENTE DE CATALOGACIÓN |
| Agencia que crea de manera original el registro |
BPMSU |
| Idioma de catalogación |
spa |
| Agencia que realiza la transcripción |
BPMSU |
| Convenciones de la despripción |
|
| 080 ## - NÚMERO DE CLASIFICACIÓN DECIMAL UNIVERSAL |
| Universal Decimal Classification number |
|
| 100 1# - ASIENTO PRINCIPAL -- NOMBRE PERSONAL |
| Nombre personal |
Janosch |
| Fechas asociadas con el nombre |
1931- |
| Forma completa del nombre |
Eckert, Horst |
| 245 10 - MENCIÓN DE TITULO |
| Título |
Leo pulgamágica / |
| Medio (Designación general de material) |
|
| Mención de responsabilidad |
Janosch ; traducción Genoveva Dieterich |
| 260 ## - PUBLICACIÓN, DISTRIBUCIÓN, ETC. (PIE DE IMPRENTA) |
| Lugar de publicación, distribución, etc |
México : |
| Nombre del editor, distribuidor, etc. |
Alfaguara, |
| Fecha de publicación, distribución, etc |
2000. |
| 300 ## - DESCRIPCIÓN FÍSICA |
| Extensión |
145 p.: |
| Otros detalles físicos |
il. |
| Dimensiones |
20 m |
| 490 1# - MENCIÓN DE SERIES |
| Mención de serie |
Alfaguara infantil |
| 500 ## - NOTA GENERAL |
| Nota general |
Incluye datos biográficos de la autora. |
| 700 12 - ASIENTO SECUNDARIO -- NOMBRE PERSONAL |
| Nombre personal |
Dieterich, Genoveva |
| Mención de responsabilidad |
trad. |
| 830 #0 - ASIENTO SECUNDARIO DE SERIE--TÍTULO UNIFORME |
| Título uniforme |
Alfaguara infantil |
| 942 ## - ADDED ENTRY ELEMENTS (KOHA) |
| Source of classification or shelving scheme |
Dewey Decimal Classification |
| Koha item type |
Libros |
| 945 ## - INFORMACIÓN DE PROCESAMIENTO LOCAL |
| Información de procesamiento local |
inventariado, 2018 / dg |
| 956 ## - LOCAL ELECTRONIC LOCATION AND ACCESS (OCLC) |
| Nombre de host |
YLOCKWARD |
| Campo enlazado y núm. de secuencia |
10 |
| Información de compresión |
BPMSU |